000 00401nam a22001337a 4500
008 230626b xxu||||| |||| 00| 0 eng d
082 _a330.
_bWER 2006
100 _cMaureen Were
245 _aAn Evaluation of the KIPPRA- Treasury Macro Model and Kenya's Economy Using Historical Simulations
260 _aKenya
_bInter-Parliamentary Union
_c2006
300 _aV,37p
440 _n59
942 _2ddc
_cBK
999 _c2644
_d2644